I don't want any more cheese i just want out of the trap
| Main Author: | |
|---|---|
| Format: | Book |
| Published: |
London :
Pearson Education Limited ,
2004
|
| Subjects: |
MARC
| LEADER | 00000cam a2200000 7i4500 | ||
|---|---|---|---|
| 001 | 0000015342 | ||
| 005 | 20050815.0 | ||
| 020 | |a 0273675435 | ||
| 040 | |a INS | ||
| 090 | 0 | 0 | |a HF5381 |b T46 2004 |
| 100 | 1 | |a Templar, Richard | |
| 245 | 0 | 0 | |a I don't want any more cheese i just want out of the trap |c Richard Templar |
| 260 | |a London : |b Pearson Education Limited , |c 2004 | ||
| 300 | |a xvi : |b 135p. ; |c 22cm. | ||
| 650 | 0 | 0 | |a Career development |
| 650 | 0 | 0 | |a Self |x Actualization (Psychology) |
| 999 | |a 0000015017 |b BOOK |c Open Shelf |e Default branch | ||